| 000 | 02079cam a22005054i 4500 | ||
|---|---|---|---|
| 003 | PE-LiUPU | ||
| 005 | 20251023083314.0 | ||
| 008 | 080213s2007 sp a r 001 0 spa | ||
| 020 | _a9788446023128 | ||
| 035 | _a(Sirsi) i9788446023128 | ||
| 040 |
_aPE-LiUPU _bspa _cPE-LiUPU _erda |
||
| 041 | 1 |
_aspa _heng |
|
| 049 | _aPRUA | ||
| 080 | _a72.036 | ||
| 082 | 0 | 4 |
_a720 _bA10 |
| 100 | 1 |
_aLeatherbarrow, David, _eautor. |
|
| 240 | 1 | 0 |
_aSurface architecture. _lEspañol |
| 245 | 1 | 3 |
_aLa superficie de la arquitectura / _cDavid Leatherbarrow y Mohsen Mostafavi ; [traducción de Amaya Bozal]. |
| 264 | 1 |
_aTres Cantos : _bAkal, _c2007. |
|
| 300 |
_a269 páginas : _bilustraciones ; _c24 centímetros. |
||
| 336 |
_atext _2rdacontent |
||
| 337 |
_aunmediated _2rdamedia |
||
| 338 |
_avolume _2rdacarrier |
||
| 490 | 0 |
_aAkal/textos de arquitectura ; _v10 |
|
| 504 | _aIncluye índice. | ||
| 505 | 0 | _aIntroducción: ¿Por qué una superficie de la arquitectura? -- estructurando el contenido -- ventana/muro -- la apariencia del revestimiento -- ajustando calidades -- prefabricado-rehecho -- técnica y apariencia: la tarea del presente. | |
| 526 | _aP158 | ||
| 526 | _aP146 | ||
| 526 | _aP17 | ||
| 526 | _aP12 | ||
| 526 | _aP06 | ||
| 534 |
_pTítulo original : _tSurface architecture. |
||
| 650 | 7 |
_aArquitectura _yS.XX. _2embne |
|
| 650 | 1 | 4 |
_aArquitectura _xInnovaciones tecnológicas. |
| 650 | 1 | 4 | _aEspacio en arquitectura. |
| 650 | 1 | 0 |
_aMateriales de construcción. _943 |
| 700 | 1 |
_aMostafavi, Mohsen, _eautor. |
|
| 910 |
_ajck _cng |
||
| 942 |
_2ddc _cBOOK |
||
| 949 |
_a720 A10 _wDEWEY _c1 _i70531 _d2015-10-4 _e2015-10-4 _lCCODEBUL1 _mBUL _n3 _p54.00 _r0 _sY _tBOOK _u2015-7-6 _xINGENIERIA _PP06 _0COMPRA _o.STAFF. Colección General |
||
| 994 |
_aC0 _bPEPRU |
||
| 596 | _a1 | ||
| 999 |
_a720 A10 _wDEWEY _c6408 _i70531 _d6408 _e2015-10-4 _f2021-11-9 _g7 _lCCODEBUL1 _mBUL _n3 _p54.00 _r0 _sY _tBOOK _u2015-7-6 _xINGENIERIA _PP06 _0COMPRA _o.STAFF. Colección General |
||
| 980 |
_818226 _gJaime Vilcazán Jefe de Análisis Documental |
||